000 00371nam a22001577a 4500
003 macl
005 20230302130800.0
008 230302b |||||||| |||| 00| 0 eng d
040 _cmacl
082 _a500/CHA
100 _aNicola Chalton
_981792
245 _aHistory of Science
260 _aLondon
_bMichael o' Mara book
_c2019
650 _aScience
942 _2ddc
_cBK
999 _c65957
_d65957